KOHA-Header-6

Project Finance (Record no. 1740)

000 -LEADER
fixed length control field 00306nam a2200133Ia 4500
008 - FIXED-LENGTH DATA ELEMENTS--GENERAL INFORMATION
fixed length control field 190723s9999 xx 000 0 und d
020 ## - INTERNATIONAL STANDARD BOOK NUMBER
International Standard Book Number 978-81-265-5811-7
100 ## - MAIN ENTRY--PERSONAL NAME
Personal name John D. Finnerty
245 #0 - TITLE STATEMENT
Title Project Finance
250 ## - EDITION STATEMENT
Edition statement 3rd
260 ## - PUBLICATION, DISTRIBUTION, ETC. (IMPRINT)
Place of publication, distribution, etc New Delhi
Name of publisher, distributor, etc Wiley
Date of publication, distribution, etc 2013
300 ## - PHYSICAL DESCRIPTION
Extent 543.:p
942 ## - ADDED ENTRY ELEMENTS (KOHA)
Koha item type Books
Holdings
Withdrawn status Lost status Source of classification or shelving scheme Damaged status Not for loan Collection code Permanent Location Current Location Shelving location Date acquired Full call number Barcode Date last seen Price effective from Koha item type
        Not For Loan Finance MAJU MAJU Shelf No.B44 2019-07-23 658.152 8363 2019-07-23 2019-07-23 Finance

Powered by Koha